000 00336nam a2200145Ia 4500
008 230718s9999 xx 000 0 und d
041 _aEng.
082 _a340
_bSAE-S
100 _aSaeed, Malik M (ed)
245 0 _aSLD (1978)
260 _aPakistan
_bpee Pakistan bed desión
_c1879
300 _a525
650 _aLaw
999 _c26995
_d26995